000 00634nam a2200193 i 4500
001 93642
003 ES-MaACL
007 t|
008 050415s1982 sp ||||1| spa d
100 1 _aLópez Caneda, Ramón.
_973490
245 1 0 _aAntonio José Ruiz de Padrón (1757-1823) /
_cRamón López Caneda.
260 _aOrense :
_bInstituto de Estudios Valdeorreses,
_c1982.
300 _a104 p. ;
_c23 cm.
490 1 _aCuaderno monográfico ;
_v1
710 2 _aInstituto de Estudios Valdeorreses (Orense)
_94938
830 0 _aCuaderno monográfico ;
_v1
_9232111
852 _aES-MaACL
_jL-3366
_bR.104252
999 _c93642
_d93642